Povídky ke kávě X.
Saved in:
| Main Author | |
|---|---|
| Format | Electronic eBook |
| Language | Czech |
| Published |
Machart
2024
|
| Edition | 1. elektronické vydání |
| Subjects | |
| Online Access | Dostupné v BOOKPORT po přihlášení pomocí eduID |
| ISBN | 978-80-7656-101-4 978-80-7656-100-7 978-80-7656-098-7 |
| Physical Description | 1 online zdroj (80 stran) |
| LEADER | 00000nam a2200000 i 4500 | ||
|---|---|---|---|
| 001 | bkp596654683 | ||
| 003 | CZ-prgp | ||
| 005 | 20260205135742.0 | ||
| 006 | m o d | ||
| 007 | cr cn | ||
| 008 | 260205s2024 xr o 000 1 cze | ||
| 020 | |a 978-80-7656-101-4 |c 99 Kč |q (online ; pdf) | ||
| 020 | |a 978-80-7656-100-7 |c 99 Kč |q (online ; epub) | ||
| 020 | |a 978-80-7656-098-7 |c 169 Kč |q (print) | ||
| 040 | |a Grada |b cze |e rda | ||
| 100 | 1 | |a Hrabáková, Hana | |
| 245 | 1 | 0 | |a Povídky ke kávě X. |c Hana Hrabáková |
| 250 | |a 1. elektronické vydání | ||
| 264 | 1 | |b Machart |c 2024 | |
| 300 | |a 1 online zdroj (80 stran) | ||
| 336 | |a text |b txt |2 rdacontent | ||
| 337 | |a počítač |b c |2 rdamedia | ||
| 338 | |a online zdroj |b cr |2 rdacarrier | ||
| 520 | 3 | |a Hana Hrabáková v předchozích letech úspěšně publikovala již devět dílů cyklu "Povídky ke kávě" a letos přichází s další částí této povídkové série. Autorka oslovuje čtenáře uceleným souborem humorných textů doslova "ze života". Podtitul aktuální povídkové knihy "Jak přežít třídní a jiné srazy" napovídá, okolo čeho se bude děj jednotlivých příběhů točit. Společně si uvědomíme, co to znamená se "srazit" - a to nejen v přeneseném smyslu slova. Srážky s přáteli i dávnými láskami, s nimiž nás pojí společné vzpomínky, mohou mít humorné i sladkobolné důsledky... Nutno ale dodat, že i tentokrát humor, nadsázka a často nelítostná ironie mají převahu nad melancholií a vzdycháním nad dávno zmizelými časy. Hana Hrabáková dobře ví, o čem píše vždyť jen literárně vypointovala to, co čtenářky a čtenáři také zažívali a na co s jistou dávkou shovívavé nostalgie vzpomínají i dnes. | |
| 650 | 0 | 4 | |a Humor, satira |
| 856 | 4 | 0 | |u https://www.bookport.cz/AccountSaml/SignIn/?idp=https://shibboleth.utb.cz/idp/shibboleth&returnUrl=/kniha/povidky-ke-kave-x-15716/ |y Dostupné v BOOKPORT po přihlášení pomocí eduID |